000 01047nam a22002057a 4500
005 20240909124127.0
010 _aHIN-128186
020 _c630.00
_a9788123032771
035 _aHN-100532
037 _bDBAD
082 _a791.43028092
100 _aश्रीवास्तव, राजीव
_971313
245 _aसात सुरों का मेला /
_cराजीव श्रीवास्तव; रेमी कुमारी द्वारा अनुवादित
250 _aप्रथम
260 _aनई दिल्ली
_bप्रकाशन विभाग, सूचना और प्रसारण मंत्रालय
_c2020
270 _aसूचना भवन, सी. जी. ओ. कॉम्प्लेक्स , लोधी रोड
_bनई दिल्ली
_e110003
300 _a310 पृ.
_c25 सेमी. (सजिल्द)
700 _aरेमी कुमारी
_970031
942 _2ddc
_cHN
_h791.43028092
_mश्रीवास्त
999 _c205032
_d205032